Find Five 'P' Things Quiz Stats

Quiz Updated Aug 18, 2017

Challenge
Share
Tweet
Embed
Score 0/50 Timer 05:00
8 Plays Today
% Correct
Pakistan
98.8%
Panama
96.7%
Poland
95.3%
Peru
94.7%
Plutonium
94.4%
Pink Floyd
93.8%
Polonium
93.4%
Pug
92.9%
Phosphorus
91.4%
Paul
90%
Pretenders
89.5%
Palladium
89.4%
Police
89%
Pacers
88.8%
Public Enemy
87.2%
Pirates
86.6%
Peter
86.2%
Praseodymium
84.1%
Pelicans
82.6%
Poodle
81.8%
Pomeranian
81.7%
Pisces
80.3%
Phillies
80.2%
Predators
80%
Pegasus
79.6%
% Correct
Paris Saint-Germain
78.4%
Pekingese
77.8%
Pius
77.3%
Peck
76.8%
Palau
76.4%
Portman
73.9%
PSV Eindhoven
73%
Perseus
67.4%
Penn
64.6%
Platters
59.5%
Poitier
58.5%
Panathinaikos
57.4%
Pickford
55.4%
Pylos
54.2%
Pharsalus
52%
Papillon
49.9%
Parma
48.9%
Porto
42.7%
Philippi
41.3%
Plataea
40.1%
Phoenix
36.4%
Pydna
36.1%
Paschal
35.7%
Pelagius
22.6%
Pavo
8.2%

You're not logged in!

Compare scores with friends on all Sporcle quizzes.
Sign Up with Email
OR
Log In

You Might Also Like...

Show Comments

Extras

Top Quizzes Today


Score Distribution

Your Account Isn't Verified!

In order to create a playlist on Sporcle, you need to verify the email address you used during registration. Go to your Sporcle Settings to finish the process.